[Event "GER Cup Net V4 U2400"]
[Site "Playchess.com INT"]
[Date "2020.05.31"]
[Round "2"]
[White "Troyke, Christian"]
[Black "Gutheil, Heinrich"]
[Result "1-0"]
[WhiteElo "2229"]
[BlackElo "2045"]
[PlyCount "53"]
[EventDate "2020.05.31"]
[EventType "swiss (blitz)"]
[EventRounds "9"]
[EventCountry "GER"]
[SourceTitle "EXT 2021"]
[Source "ChessBase"]
[SourceDate "2020.10.23"]
[SourceVersion "1"]
[SourceVersionDate "2020.10.23"]
[SourceQuality "1"]

1. g3 g6 2. Bg2 Bg7 3. d4 c5 4. c3 cxd4 5. cxd4 d5 6. Nc3 Nf6 7. Nf3 0-0 8. 0-0 Ne4 9. Bd2 Nxd2 10. Qxd2 Nc6 11. Rac1 Bg4 12. e3 Qd7 13. Rfe1 Rad8 14. b3 Rfe8 15. h4 Qf5 16. Nh2 Bh3 17. Bh1 e6 18. Na4 a5 19. Nc5 Nb4 20. a3 b6 21. axb4 bxc5 22. bxc5 Rb8 23. Qxa5 Rxb3 24. c6 Bf8 25. c7 e5 26. Qxd5 exd4 27. Qxb3 1-0

[Event "GER-ch Net Amateur Gr-A Vor3"]
[Site "Playchess.com INT"]
[Date "2020.04.16"]
[Round "2"]
[White "Troyke, Christian"]
[Black "Thomas, Ingo"]
[Result "1-0"]
[WhiteElo "2273"]
[BlackElo "1994"]
[PlyCount "79"]
[EventDate "2020.04.16"]
[EventType "swiss (blitz)"]
[EventRounds "9"]
[EventCountry "GER"]
[SourceTitle "CBM 195 Extra"]
[Source "ChessBase"]
[SourceDate "2020.05.31"]
[SourceVersion "1"]
[SourceVersionDate "2020.05.31"]
[SourceQuality "1"]

1. g3 d5 2. Bg2 c6 3. c4 Nf6 4. Nf3 Bg4 5. Ne5 Bf5 6. cxd5 cxd5 7. Nc3 e6 8. g4 Bg6 9. h4 h5 10. g5 Nfd7 11. Nxg6 fxg6 12. Qc2 Kf7 13. Nxd5 exd5 14. Bxd5+ Ke7 15. Qe4+ Kd6 16. Bxb7 Nc5 17. Qd5+ Kc7 18. Qxd8+ Kxd8 19. Bxa8 Nbd7 20. d4 Na6 21. Bf3 Nb4 22. 0-0 Nc2 23. Rb1 Nxd4 24. Rd1 Nxf3+ 25. exf3 Bc5 26. Be3 Bxe3 27. fxe3 Ke7 28. Rd4 Rc8 29. Rbd1 Ne5 30. Re4 Ke6 31. f4 Kf5 32. Rxe5+ Kg4 33. Kf2 Rc2+ 34. Ke1 Kf3 35. f5 Re2+ 36. Kf1 Rf2+ 37. Kg1 Rg2+ 38. Kh1 gxf5 39. Rxf5+ Kg3 40. Rg1 1-0

[Event "EU-ch blitz"]
[Site "Tallinn"]
[Date "2019.12.07"]
[Round "14"]
[White "Gretarsson, Helgi Ass"]
[Black "Troyke, Christian"]
[Result "1-0"]
[WhiteElo "2523"]
[BlackElo "2247"]
[PlyCount "67"]
[EventDate "2019.12.07"]
[EventType "swiss (blitz)"]
[EventRounds "22"]
[EventCountry "EST"]
[SourceTitle "CBM 193 Extra"]
[Source "ChessBase"]
[SourceDate "2020.01.31"]
[SourceVersion "1"]
[SourceVersionDate "2020.01.31"]
[SourceQuality "1"]

1. d4 g6 2. e4 Bg7 3. c4 d6 4. Nc3 Nf6 5. f4 0-0 6. Nf3 c5 7. dxc5 Qa5 8. Bd3 Qxc5 9. Qe2 Bg4 10. Be3 Qa5 11. 0-0 Nc6 12. Rac1 Rac8 13. Bb1 e6 14. Rfd1 Rfd8 15. h3 Bxf3 16. Qxf3 Qb4 17. Qe2 Na5 18. b3 Nh5 19. Qd3 Bh6 20. Rf1 a6 21. g4 d5 22. exd5 Nf6 23. g5 exd5 24. gxf6 dxc4 25. Qe4 Re8 26. Qf3 cxb3 27. Nd5 bxa2 28. Bxa2 Rxc1 29. Nxb4 Rc3 30. Nd5 Ra3 31. Ne7+ Kh8 32. Bxf7 Rf8 33. Bd5 Rxf6 34. Bd4 1-0

[Event "EU-ch blitz"]
[Site "Tallinn"]
[Date "2019.12.07"]
[Round "12"]
[White "Motylev, Alexander"]
[Black "Troyke, Christian"]
[Result "1-0"]
[WhiteElo "2629"]
[BlackElo "2247"]
[PlyCount "61"]
[EventDate "2019.12.07"]
[EventType "swiss (blitz)"]
[EventRounds "22"]
[EventCountry "EST"]
[SourceTitle "CBM 193 Extra"]
[Source "ChessBase"]
[SourceDate "2020.01.31"]
[SourceVersion "1"]
[SourceVersionDate "2020.01.31"]
[SourceQuality "1"]

1. e4 c5 2. Nf3 g6 3. d4 cxd4 4. Nxd4 Bg7 5. c4 Nc6 6. Nc2 Nf6 7. Nc3 0-0 8. Be2 b6 9. 0-0 Bb7 10. f3 Ne8 11. Be3 Nd6 12. Nd4 f5 13. exf5 Nxf5 14. Nxf5 gxf5 15. Qd2 e5 16. Rad1 Nd4 17. Nb5 Nxb5 18. cxb5 d5 19. Bf2 Qf6 20. Rc1 Rac8 21. Rxc8 Rxc8 22. Rc1 Rxc1+ 23. Qxc1 Qd8 24. Bd1 d4 25. Bb3+ Kh8 26. Qc4 e4 27. Qf7 Qc8 28. h4 Be5 29. Be1 exf3 30. Be6 Qg8 31. Qxg8# 1-0